Otro verano

Furkejuvvon:
Bibliográfalaš dieđut
Váldodahkki: Saroyan, William (Dahkki)
Materiálatiipa: Girji
Giella:espánnjágiella
Almmustuhtton: Buenos Aires Plaza y Janes S. A 1963
Preanttus:1a. ed
Fáttát:
Fáddágilkorat: Lasit fáddágilkoriid
Eai fáddágilkorat, Lasit vuosttaš fáddágilkora!

MARC

LEADER 00000cam a2200000 a 4500
001 UCE2439
003 CL-VaPUC
008 140703e19630000ag |||||||||||||||||spa|d
082 0 4 |a 813  |b SAR  |2 21 
100 0 |a Saroyan, William  |e author  |9 574889 
245 1 0 |a Otro verano 
250 |a 1a. ed 
300 |a 293 p 
942 |c BK 
945 |d 20140703 14:09:00  |a dcastane 
260 |a Buenos Aires  |b Plaza y Janes S. A  |c 1963 
650 0 |a Novelas estadounidenses  |9 265217 
650 0 |a Literatura estadounidense  |9 317168 
583 |a last modification  |c 20140703 14:09:00  |k Rodrigo Vera 
999 |c 356040  |d 356038 
952 |0 0  |1 0  |3 erd  |4 0  |6 813_000000000000000_SAR_1963  |7 0  |8 A  |9 463114  |a BIBEDU  |b BIBEDU  |i 5048230  |o 813 SAR 1963  |p 5048230  |r 2019-11-23  |w 2019-11-23  |y BK  |z Catalogado en:20140703  |k LIT